Sports Quiz

Random Sports or Board Games Quiz

2010 NBA high games Quiz Stats

 Plays Quiz not verified by Sporcle

Support Sporcle.
Go Orange.
Score 0/26 Timer 05:00
0 Plays Today
Category Player % Correct
PointsLeBron James
98.4%
ReboundsKevin Love
90.4%
ReboundsKevin Love
90.4%
ReboundsKevin Love
90.4%
AssistsRajon Rondo
89.2%
AssistsRajon Rondo
89.2%
AssistsRajon Rondo
89.2%
ReboundsDwight Howard
85.1%
BlocksDwight Howard
85.1%
AssistsSteve Nash
84.7%
AssistsChris Paul
82.3%
StealsChris Paul
82.3%
PointsCarmelo Anthony
77.9%
Category Player % Correct
PointsKevin Durant
75.9%
PointsBlake Griffin
61.8%
PointsMonta Ellis
51%
StealsMonta Ellis
51%
StealsMonta Ellis
51%
StealsJohn Wall
48.6%
ReboundsAndrew Bogut
39%
BlocksSerge Ibaka
32.1%
StealsRaymond Felton
29.7%
PointsPaul Millsap
17.3%
AssistsJose Calderon
15.3%
StealsMike Conley
12%
BlocksLarry Sanders
6.8%

You're not logged in!

Compare scores with friends on all Sporcle quizzes.
OR
Log In

From the Vault

Capital Word Search

by enough

Needle...meet haystack.
Remove Ads.
Support Sporcle.
Get the best of Sporcle when you Go Orange. This ad-free experience offers more features, more stats, and more fun while also helping to support Sporcle. Thank you for becoming a member.

Show Comments

Extras

Top Quizzes Today


Score Distribution

Your Account Isn't Verified!

In order to create a playlist on Sporcle, you need to verify the email address you used during registration. Go to your Sporcle Settings to finish the process.

Report this User

Report this user for behavior that violates our Community Guidelines.

Details: